In the Americas / (Record no. 29980)

MARC details
000 -CABECERA
campo de control de longitud fija 00721nam a2200205 a 4500
005 - FECHA Y HORA DE LA ÚLTIMA TRANSACCIÓN
campo de control 20220901063803.0
008 - ELEMENTOS DE LONGITUD FIJA--INFORMACIÓN GENERAL
campo de control de longitud fija 991125c1962 gle 000 0 eng u
035 ## - NÚMERO DE CONTROL DEL SISTEMA
Número de control de sistema UPN01000029980
049 ## - COLECCIÓN
Colección CG
050 #4 - SIGNATURA TOPOGRÁFICA DE LA BIBLIOTECA DEL CONGRESO
Número de clasificación LB1644
Número de documento/Ítem H3.3
100 1# - ASIENTO PRINCIPAL--NOMBRE PERSONAL
Nombre de persona Hanna, Paul R.
245 10 - MENCIÓN DE TÍTULO
Título In the Americas /
Mención de responsabilidad, etc. Paul R. Hanna, Clyde F. Kohn, Robert A. Lively ; ill. by Brinton Turkle.
260 ## - PUBLICACIÓN, DISTRIBUCIÓN, ETC.
Lugar de publicación, distribución, etc. Glenview, E.U.A :
Nombre del editor, distribuidor, etc. Scott Foresman,
Fecha de publicación, distribución, etc. c1962.
300 ## - DESCRIPCIÓN FÍSICA
Extensión 440 p. :
Otras características físicas il. (algunas col.)
440 #0 - MENCIÓN DE SERIE/ASIENTO SECUNDARIO--TÍTULO
Título Curriculum foundation series.
Nombre de parte o sección de la obra The basic social studies program
650 #7 - ASIENTO SECUNDARIO DE MATERIA - TERMINO TEMATICO
Término de materia o nombre geográfico como elemento de entrada Ciencias sociales
Subdivisión general Estudio y enseñanza (Secundaria)
Fuente del encabezamiento o término
9 (RLIN) 8320
700 1# - ASIENTO SECUNDARIO--NOMBRE DE PERSONAL
Nombre de persona Kohn, Clyde E.,
Término indicativo de función/relación coaut.
700 1# - ASIENTO SECUNDARIO--NOMBRE DE PERSONAL
Nombre de persona Lively, Robert A.,
Término indicativo de función/relación coaut.
905 ## - TIPO DE MATERIAL
Tipo de material Libro
Holdings
Estado de retiro Estado de pérdida Fuente del sistema de clasificación o colocación Estado dañado No para préstamo Código de colección Localización permanente Ubicación/localización actual Ubicación en estantería Total de préstamos Clasificación Código de barras Fecha visto por última vez Número de copia Tipo de ítem Koha
    Library of Congress Classification     Colección General Bib. Gregorio Torres Quintero Bib. Gregorio Torres Quintero Planta baja   LB1644 H3.3 4095 31/12/2020 1 Libro